| 000 | 00535nam a22001817a 4500 | ||
|---|---|---|---|
| 005 | 20260226153704.0 | ||
| 010 | _aBACEN26 | ||
| 020 |
_a9789348093981 _c780.00 |
||
| 037 | _bVrinda | ||
| 082 |
_a000 _28th ed. |
||
| 245 | _aPinnacle SSC Reasoning 7200+ ebp MCQ/ | ||
| 250 | _a8th.ed. | ||
| 260 |
_aNew Delhi _bPinnacle Publications _c2025 |
||
| 270 |
_a24/4806, Mathur Lane Daryaganj _bNew Delhi _e110002 |
||
| 300 |
_a607p. _c27cm(Pb) |
||
| 500 | _aChapter Wise English Medium | ||
| 942 |
_2ddc _cEN _mPIN _h000 |
||
| 999 |
_c214916 _d214916 |
||